| 000 | 00868pam a2200289 a 4500 | ||
|---|---|---|---|
| 001 | 517215 | ||
| 003 | ARRUPE | ||
| 005 | 20150716144450.0 | ||
| 008 | 861006s1987 pau b 001 0 eng | ||
| 010 | _a 86023088 | ||
| 020 |
_a0877224587 (alk. paper) : _c$24.95 |
||
| 040 |
_aDLC _cDLC _dDLC |
||
| 050 | 0 | 0 |
_aJC336 _b.P56 1987 |
| 082 | 0 | 0 |
_a320/.01/1 _219 |
| 100 | 1 |
_aPinkard, Terry P. _918246 |
|
| 245 | 1 | 0 |
_aDemocratic liberalism and social union / _cTerry Pinkard. |
| 260 |
_aPhiladelphia : _bTemple University Press, _c1987. |
||
| 300 |
_axix, 219 p. ; _c22 cm. |
||
| 500 | _aIncludes index. | ||
| 504 | _aBibliography: p. 185-213. | ||
| 650 | 0 |
_aSocial contract. _918247 |
|
| 650 | 0 |
_aJustice. _918248 |
|
| 650 | 0 |
_aLiberalism. _918249 |
|
| 650 | 0 |
_aDemocracy. _918250 |
|
| 906 |
_a7 _bcbc _corignew _d1 _eocip _f19 _gy-gencatlg |
||
| 942 |
_2lcc _cMONOGRAPH |
||
| 999 |
_c122954 _d122954 |
||